Athletic Bilbao players (2010-2020) - Statistics

General Stats
  • This quiz has been taken 8 times
  • The average score is 33 of 101
Answer Stats
Rank Player Positions Nationality Matches Goals (assists) Period % Correct
5 Aritz Aduriz ST 231 96 (32) 2012-2020
100%
8 Iñaki Williams RW 196 40 (26) 2014-2020
100%
22 Iñigo Martínez CB 82 1 (2) 2017-2020
100%
28 Javi Martínez CB 66 8 (2) 2010-2012
100%
4 Óscar de Marcos RB 278 20 (29) 2010-2020
100%
40 Unai Simón GK 41 0 (0) 2018-2020
100%
26 Yuri Berchiche LB 68 4 (5) 2018-2020
100%
12 Andoni Iraola RB 163 7 (18) 2010-2015
86%
18 Fernando Llorente ST 96 39 (8) 2010-2013
86%
57 Igor Martínez AM 13 0 (2) 2010-2013
86%
1 Iker Muniain AM 295 41 (27) 2010-2020
86%
29 Dani García CM 65 0 (2) 2018-2020
71%
6 Gorka Iraizoz GK 228 0 (0) 2010-2017
71%
34 Kepa Arrizabalaga GK 53 0 (0) 2016-2018
71%
52 Oihan Sancet AM 17 1 (1) 2019-2020
71%
11 Raúl García AM 168 51 (21) 2015-2020
71%
21 Ander Herrera CM 94 7 (15) 2011-2014
57%
13 Aymeric Laporte CB 161 7 (5) 2012-2018
57%
9 Beñat Etxebarria CM 181 7 (19) 2013-2020
57%
17 Gaizka Toquero CF 105 11 (10) 2010-2015
57%
63 Gorka Guruzeta ST 6 0 (0) 2018-2019
57%
23 Gorka Guruzeta ST 5 0 (1) 2015-2016
57%
47 Guillermo Fernández ST 23 1 (0) 2013-2015
57%
2 Markel Susaeta RW 281 29 (50) 2010-2019
57%
64 Raúl Fernández GK 6 0 (0) 2010-2013
57%
6 Álex Remiro GK 33 0 (0) 2015-2016
43%
31 Ander Capa RB 60 3 (4) 2018-2020
43%
7 Ander Iturraspe DM 213 3 (6) 2010-2019
43%
46 Asier Villalibre ST 25 3 (1) 2016-2017, 2019-2020
43%
7 Asier Villalibre ST 32 3 (3) 2015-2016
43%
15 Carlos Gurpegui CB 130 6 (1) 2010-2016
43%
13 Gorka Iturraspe CM 25 0 (0) 2015-2016
43%
33 Iago Herrerín GK 56 0 (1) 2013-2016, 2017-2020
43%
14 Ibai Gómez LW 132 13 (17) 2010-2016, 2018-2020
43%
20 Iñigo Lekue RB 95 3 (5) 2015-2020
43%
24 Iñigo Lekue RB 3 1 (0) 2015-2016
43%
69 Iñigo Ruiz de Galarreta CM 3 0 (1) 2012-2013
43%
49 Kenan Kodro ST 23 2 (0) 2018-2020
43%
16 Mikel Rico CM 125 10 (6) 2013-2019
43%
3 Mikel San José DM 279 26 (10) 2010-2020
43%
41 Mikel Vesga DM 38 1 (2) 2016-2018, 2019-2020
43%
1 Mikel Vesga DM 41 1 (1) 2015-2016
43%
25 Xabi Etxeita CB 72 3 (1) 2013-2018
43%
19 Yeray Álvarez CB 96 0 (1) 2016-2020
43%
9 Yeray Álvarez CB 32 0 (0) 2015-2016
43%
72 Andoni López LB 1 0 (0) 2017-2018
29%
44 Borja Viguera ST 30 2 (2) 2014-2017
29%
73 Cristian Ganea LB 1 0 (0) 2018-2019
29%
39 David López CM 41 7 (7) 2010-2012
29%
32 Fernando Amorebieta CB 56 3 (2) 2010-2013
29%
56 Gorka Elustondo DM 13 1 (0) 2015-2017
29%
23 Iñigo Córdoba LW 77 2 (10) 2017-2020
29%
16 Iñigo Córdoba LW 21 0 (1) 2015-2016
29%
60 Isma López LB 8 0 (0) 2012-2013
29%
10 Mikel Balenziaga LB 170 1 (6) 2010-2011, 2013-2020
29%
35 Unai López CM 52 1 (4) 2014-2015, 2018-2020
29%
2 Unai López CM 40 2 (5) 2015-2016
29%
30 Unai Núñez CB 65 1 (0) 2017-2020
29%
67 Aitor Ocio CB 4 0 (0) 2010-2011
14%
42 Enric Saborit CB 33 0 (1) 2013-2014, 2016-2018
14%
12 Enric Saborit CB 26 0 (1) 2015-2016
14%
43 Iñigo Pérez CM 31 1 (3) 2010-2014
14%
61 Jonás Ramalho CB 8 0 (0) 2011-2013
14%
18 Jonás Ramalho CB 19 0 (0) 2015-2016
14%
24 Jon Aurtenetxe CB 72 2 (4) 2010-2013, 2014-2015
14%
54 Kike Sola ST 15 1 (2) 2013-2016
14%
53 Koikili LB 16 0 (1) 2010-2011
14%
10 Markel Etxeberria RB 30 1 (4) 2015-2016
14%
45 Pablo Orbaiz DM 26 1 (2) 2010-2011
14%
37 Sabin Merino ST 48 6 (1) 2015-2018
14%
74 Unai Vencedor CM 1 0 (0) 2019-2020
14%
55 Ager Aketxe RW 14 1 (1) 2014-2016, 2017-2018
0%
15 Ager Aketxe RW 21 8 (1) 2015-2016
0%
11 Aitor Seguín LW 28 3 (1) 2015-2016
0%
27 Borja Ekiza CB 67 0 (0) 2010-2014
0%
26 Egoitz Magdaleno LB 1 0 (0) 2015-2016
0%
36 Eneko Bóveda RB 48 0 (1) 2015-2018
0%
51 Erik Morán CM 17 0 (0) 2012-2015
0%
58 Gaizka Larrazabal RB 10 0 (0) 2019-2020
0%
4 Gorka Santamaría ST 34 7 (3) 2015-2016
0%
38 Igor Gabilondo LM 45 7 (4) 2010-2012
0%
5 Iker Guarrotxena LW 34 5 (1) 2015-2016
0%
14 Iker Undabarrena CM 23 0 (1) 2015-2016
0%
70 Iñigo Díaz de Cerio ST 2 0 (0) 2010-2011
0%
65 Ion Vélez ST 5 0 (0) 2010-2011
0%
48 Javi Eraso CM 23 2 (2) 2015-2017
0%
21 Jon Ander Felipe GK 10 0 (0) 2015-2016
0%
17 Jon Iru CM 19 0 (0) 2015-2016
0%
27 Julen Arellano LB 1 0 (0) 2015-2016
0%
19 Jurgi Oteo LW 14 0 (0) 2015-2016
0%
22 Lander Olaetxea CM 9 0 (0) 2015-2016
0%
25 Martín Bengoa AM 3 0 (0) 2015-2016
0%
3 Óscar Gil CB 37 2 (1) 2015-2016
0%
62 Peru Nolaskoain DM 8 2 (0) 2018-2019
0%
68 Unai Albizua CB 4 0 (0) 2013-2014
0%
20 Unai Bilbao CB 13 1 (0) 2015-2016
0%
71 Unai Bustinza CB 2 0 (0) 2014-2015
0%
66 Urko Vera ST 5 1 (0) 2010-2011
0%
8 Urtzi Iriondo LB 32 1 (0) 2015-2016
0%
59 Ustaritz CB 10 0 (0) 2010-2011
0%
50 Xabier Castillo LB 18 0 (0) 2010-2011, 2012-2013
0%
No matching quizzes found
Score Distribution
Percent of People with Each Score
Percentile by Number Answered
Your Score History
You have not taken this quiz